00414nam a2200157Ia 450000500170000000800410001704000190005804100120007708200150008910000150010424500540011926000440017330000160021765000130023385000100024620231110120128.0131103s9999 xx 000 0 und d aLoreto College aEnglish a759.9bREM aRembrandt  aRembrant Bible Paintingsc Text by Seymour Slive aLondonbBeaverbook Newspaper Ltd.c1959 ap.b illus. aPainting aLCLIB